000 00776nas a2200253 4500
001 BR7900124
003 BR-BrBNA
005 20231205083609.0
007 ta
008 230509b bl.|||p| |||| 00| 00por d
040 _aBR-BrBNA
_bpor
_cBiblioteca Nacional de Agricultura
041 _a(Pt)
072 _aS10
100 1 _aSturion, A.C.
100 1 _aFernandes, A.C.
245 1 _aAnalise direta da cana-de-acucar pelo metodo de prensa hidraulica [Saccharum spp]
650 _aCOMPOSICAO DE ALIMENTO
650 _aCANA DE ACUCAR
650 _aANALISE DE ALIMENTO
650 _aPRENSAGEM
773 0 _tBoletim Tecnico COPERSUCAR (Brazil)
_xISSN 0100-2996
_g(Mar 1979), (no. 8) p. 12-15
_wBR7900124
909 _a202311
_bLúcia
_c55
_dLúcia Elande
942 _2AGRIS
_n0
_cANA
999 _c99939
_d99939